000
00268nam a2200097Ia 4500
100
_a
Andreas D' Souza
245
2
_a
A Theology of Relationships
500
_a
Journal of Henry Martyn Institute July - Dec 2005
650
_a
Interfaith Relations and Dialogue
942
_c
BR
999
_c
21905
_d
21905